| 000 | 00525nam a2200181Ia 4500 | ||
|---|---|---|---|
| 005 | 20250225160245.0 | ||
| 010 | _aENG-143830 | ||
| 020 |
_a9789367135105 _c435.00 |
||
| 035 | _aEN-127362 | ||
| 037 | _bDBAD | ||
| 082 |
_a540 _201 |
||
| 245 | _aNEET Chemistry/ | ||
| 250 | _a01 | ||
| 260 |
_a Uttar Pradesh _bpearson india education services _c2025 |
||
| 270 |
_a1st Floor,Berger Tower, plot No.C-001A/2,Sector 16B, noida-201,301 _bNoida |
||
| 300 |
_aVPP. _c25cm(pb) |
||
| 942 |
_cEN _2ddc _mNEE _h540 _e01 |
||
| 999 |
_c209246 _d209246 |
||